000 01558nam a2200349 i 4500
001 138866
003 ES-MaACL
005 20260122125511.0
007 t|
008 070214s1904 sp |||| | spa d
080 _a622.341(460.162)
080 _a349.22(460.162):331.109
100 1 _aSanz y Escartín, Eduardo,
_d1855-1939
_9103695
245 1 0 _aInforme referente a las minas de Vizcaya /
_credactado por los señores D. Eduardo Sanz y Escartín y D. Rafael Salillas... y D. Julio Puyol y Alonso.
260 _aMadrid :
_b[s.n.],
_c1904 (
_fImp. de la Sucesora de M. Minuesa de los Ríos)
300 _a331 p. ;
_c24 cm.
505 8 _aContiene: Los hechos / Julio Puyol y Alonso . Apreciaciones / Rafael Salillas y Eduardo Sanz y Escartín . Apéndices
530 _aDisponible en formato digital.
594 _aPrecede al tít.: Ministerio de la Gobernación. Instituto de Reformas Sociales.
650 4 _aMinería-
_zVizcaya.
_9173157
650 _aMineros-
_zVizcaya.
_9173156
650 4 _aConflictos laborales-
_zVizcaya.
_9165293
700 1 _aSalillas, Rafael.
_9101925
700 1 _aPuyol y Alonso, Julio,
_d1865-1937
_994454
710 2 _aInstituto de Reformas Sociales (España)
_95000
852 4 _aES-MaACL
_jF-1445
_cDEPO2
852 4 _aES-MaACL
_jC-3212
_cSPAL
856 4 _uhttp://bdh-rd.bne.es/viewer.vm?id=0000252546&page=1
_y(Biblioteca Digital Hispánica)
856 4 _uhttps://www.euskariana.euskadi.eus/euskadibib/es/bib/2092988.do
_y(Biblioteca Digital Vasca)
942 _2udc
999 _c138866
_d138866